Statistiques concernant Culture Générale - Série 1820

Cliquez ici pour prendre le quiz!

Statistiques générales

  • Ce quiz a été pris 150 fois
    (114 depuis la dernière actualisation)
  • Le résultat moyen est 4 sur 10

Statistiques - réponses

QuestionRéponse% Correct
Dans quelle ville se trouve la "Sagrada Familia" de Gaudi? Barcelone
98%
Qui a composé et interprété la chanson « le Poinçonneur des Lilas » ?Serge Gainsbourg
96%
Les gouverneurs de Venise s'appelaient les… doges
62%
De quelle dame Don Quichotte est-il le chevalier? Dulcinée
33%
Quel célèbre pont de Prague traverse la Vltava? pont Charles
24%
Dans quel pays est né le comédien Bernard Blier ?Argentine
14%
En Allemagne, quelle est la capitale du land Brandebourg? Potsdam
13%
Sous quel nom connait-on Lev Davidovitch Bronstein (1879-1940) ?Léon Trotski
9%
Qui a écrit "Le Mépris"? Alberto Moravia
6%
En Allemagne, quelle est la capitale du land de Hesse? Wiesbaden
6%

Distribution des résultats

Percentile par nombre de réponses

% des personnes avec chaque résultat

Votre développement - résultats

Vous n’avez pas pris ce quiz depuis la dernière actualisation